00966nam a2200289 a 4500001001000000003000900010005001700019007000300036008004100039020001800080040003000098041000800128082002300136245019600159264004900355300002800404336002700432337003300459338002800492650002400520650002600544700001800570700002000588700002600608700002000634700002200654000044621DO-SdBNP20250129101145.0ta141209s2014 dr 000 0 spa d a9789945475944 aDO-SdBNPbspacBNPHUerda hspa aRD863.6bS715c22200aSospecha colectiva :bantología del taller literario narradores de santo domingo /cElayne Abreu, Gladys Almonte, Valentín de Amaro, Rodolfo Báez, José Alberto Beltrán [y otros 21] aSanto Domingo :bEdiciones Ferilibro,c2014. a207 páginas ;c23 cm. ardacontentbtexto2txt ardamediabsin mediación2n ardacarrierbvolumen2nc 4aCuentos dominicanos 4aLiteratura dominicana1 aAbreu, Elayne1 aAlmonte, Gladys1 aAmaro, Valentín de 1 aBáez, Rodolfo1 aBerroa, Fernando,